00638 2200241 4500001002100000005001500021035002000036245006800056100002000124250000600144300003500150700001800185260004700203082000800250084001400258020001800272650002100290990001700311990001700328990001700345990001700362990001700379INLIS00000000000056920190115032006 a0010-01190000251 aTeknik Membuat Kompor /cDrs. Husna Amin; Editor, Mustain, S.Si0 aDrs. Husna Amin a- aiv, 60 hlm. :bilus. ;c21 cm.0 aMustain, S.Si aJakarta :bCV Sinar Cemerlang Abadi,c2010 a683 a683 HUS t a979-736-765-7 aPembuatan Kompor a02067/P/2018 a02068/P/2018 a02069/P/2018 a02562/P/2018 a02563/P/2018